| 000 | 00448cam a2200181ua 4500 | ||
|---|---|---|---|
| 001 | 5212 | ||
| 008 | 120730n ii |||gr||||Z||||||eng | ||
| 020 | _a81-7096-328-1 | ||
| 040 | _cMAIN | ||
| 082 | _a821 | ||
| 100 |
_aBoulton, Majorie, _eAuthor, |
||
| 245 | 1 | 1 |
_aThe anatomy of poetry _cby Marjorie Boulton |
| 250 | _a1st. | ||
| 260 |
_aLudhiana: _bKalyani Publishers, _c1995. |
||
| 300 |
_a189p: _c15cm. |
||
| 653 | _aEnglish poetry | ||
| 942 | _cBK | ||
| 999 |
_c4394 _d4394 |
||